[Event "SRB-ch sf"]
[Site "Paracin"]
[Date "2021.03.20"]
[Round "6"]
[White "Rasic, Milovan"]
[Black "Abramovic, Bosko"]
[Result "0-1"]
[WhiteElo "1606"]
[BlackElo "2330"]
[PlyCount "60"]
[EventDate "2021.03.16"]
[EventType "swiss"]
[EventRounds "9"]
[EventCountry "SRB"]
[SourceTitle "CBM 201 Extra"]
[Source "ChessBase"]
[SourceDate "2021.05.31"]
[SourceVersion "1"]
[SourceVersionDate "2021.05.31"]
[SourceQuality "1"]

1. c4 e6 2. Nc3 d5 3. e3 Nf6 4. cxd5 exd5 5. d4 c6 6. a3 Bf5 7. Bd3 Bxd3 8. Qxd3 Nbd7 9. Nf3 Bd6 10. b3 0-0 11. 0-0 Re8 12. Bb2 Ne4 13. Nd2 f5 14. f4 Nxd2 15. Qxd2 Re6 16. Rae1 Qe7 17. Qc1 Re8 18. Rf3 Nf6 19. h3 Nh5 20. g3 g5 21. Nd1 gxf4 22. gxf4 Rg6+ 23. Kf2 Nxf4 24. Rxf4 Bxf4 25. Ke2 Rg3 26. Kd3 Qe4+ 27. Kc3 Bxe3 28. Nxe3 Rxe3+ 29. Rxe3 Qxe3+ 30. Qxe3 Rxe3+ 0-1

[Event "SRB-ch sf"]
[Site "Paracin"]
[Date "2021.03.16"]
[Round "1"]
[White "Velickovic, Sasa"]
[Black "Rasic, Milovan"]
[Result "1-0"]
[WhiteElo "2288"]
[BlackElo "1606"]
[PlyCount "101"]
[EventDate "2021.03.16"]
[EventType "swiss"]
[EventRounds "9"]
[EventCountry "SRB"]
[SourceTitle "CBM 201 Extra"]
[Source "ChessBase"]
[SourceDate "2021.05.31"]
[SourceVersion "1"]
[SourceVersionDate "2021.05.31"]
[SourceQuality "1"]

1. e4 c5 2. Nf3 Nc6 3. Nc3 e5 4. Bc4 d6 5. d3 h6 6. Nd5 Be6 7. c3 Nf6 8. 0-0 Be7 9. d4 cxd4 10. cxd4 Bg4 11. dxe5 Nxe5 12. Bb5+ Nfd7 13. Be2 Bxf3 14. Bxf3 0-0 15. Be2 Nf6 16. Nc3 Rc8 17. Qb3 b6 18. Be3 Ned7 19. Rfd1 Nc5 20. Qb4 Qc7 21. Qd4 Ne6 22. Qd2 Rfd8 23. Ba6 Ra8 24. f3 Nc5 25. Bf1 a6 26. Rac1 Qb7 27. b4 Ne6 28. Bc4 Rac8 29. Bb3 b5 30. Qf2 Nd7 31. Qg3 Kh8 32. Nd5 Ne5 33. Rxc8 Rxc8 34. f4 Nc4 35. Bf2 Re8 36. Qf3 Nc7 37. Ne3 Nxe3 38. Qxe3 Ne6 39. Bd5 Qd7 40. g3 Bf6 41. Bb3 Nc7 42. e5 Bd8 43. Qf3 d5 44. Bxd5 Nxd5 45. Qxd5 Qe7 46. Bc5 Qc7 47. Qd7 Qxd7 48. Rxd7 a5 49. a3 axb4 50. axb4 f6 51. e6 1-0

[Event "SRB Central-ch op-B 8th"]
[Site "Paracin"]
[Date "2015.07.03"]
[Round "1"]
[White "Rasic, Milovan"]
[Black "Jakovljevic, Dejan"]
[Result "0-1"]
[WhiteElo "1702"]
[BlackElo "2006"]
[PlyCount "169"]
[EventDate "2015.07.03"]
[EventType "swiss"]
[EventRounds "9"]
[EventCountry "SRB"]
[SourceTitle "CBM 167 Extra"]
[Source "ChessBase"]
[SourceDate "2015.09.14"]
[SourceVersion "1"]
[SourceVersionDate "2015.09.14"]
[SourceQuality "1"]

1. e4 e6 2. d4 d5 3. e5 c5 4. c3 Nc6 5. Nf3 Bd7 6. Bf4 Qb6 7. Qb3 Qxb3 8. axb3 cxd4 9. Nxd4 Nxd4 10. cxd4 Ne7 11. Bd3 Nc6 12. Be3 Nb4 13. Kd2 Nxd3 14. Kxd3 Bb5+ 15. Kd2 Bb4+ 16. Nc3 Kd7 17. Rhc1 Rhc8 18. Kd1 Bf1 19. g3 Bh3 20. Ke2 Bf5 21. Bd2 Rc6 22. Na4 Bxd2 23. Kxd2 Rxc1 24. Rxc1 b6 25. Nc3 Rc8 26. Nb5 Rxc1 27. Kxc1 f6 28. f4 fxe5 29. fxe5 g6 30. Kd2 a6 31. Nc3 Kc6 32. Nd1 Kb5 33. Kc3 a5 34. Nf2 h5 35. h3 Kc6 36. g4 Bb1 37. h4 hxg4 38. Nxg4 Kd7 39. Nf6+ Ke7 40. Kd2 b5 41. Ng8+ Kf7 42. Nf6 Bf5 43. Nd7 Kg7 44. Nf6 Kh6 45. Kc1 g5 46. hxg5+ Kxg5 47. Kd2 Kf4 48. Ke2 b4 49. Kd2 Bb1 50. Nd7 Ke4 51. Nc5+ Kxd4 52. Nxe6+ Kxe5 53. Nd8 Kd6 54. Nb7+ Kc6 55. Nd8+ Kd7 56. Nb7 Kc7 57. Nc5 Kc6 58. Ne6 Kd6 59. Nd8 Be4 60. Nb7+ Kc7 61. Nc5 Kc6 62. Ne6 Kd6 63. Nd4 Bg6 64. Ke3 Be8 65. Kd3 Bd7 66. Ke3 Bg4 67. Nb5+ Ke5 68. Nd4 Bd7 69. Nf3+ Kd6 70. Kd4 Bg4 71. Nd2 Bd1 72. Ke3 Ke5 73. Kd3 Bg4 74. Nf1 Bf5+ 75. Kd2 d4 76. Ng3 Be6 77. Kc2 Kf4 78. Nf1 Ke4 79. Nd2+ Ke3 80. Kd1 Kd3 81. Kc1 Ke2 82. Ne4 d3 83. Nd2 Bd5 84. Nb1 Bxb3 85. Nd2 0-1